00461nam a2200157Ia 45000030006000000080041000060400015000471000016000622450042000782600009001205460012001299420012001419990017001530050017001709520116001870STCL150530s9999 xx 000 0 und d aSTCLcSTCL aDixon, M.W. aEnglish poetry from blake to browning c1894 aEnglish 2ddccBK c51502d5150220220125170842.0 00102ddc4070aSTCALbSTCALcGENd2015-05-30g2.00l0o820.9-1734p19091r2015-05-30 00:00:00w2015-05-30yBK